000 01090nam a2200301 i 4500
003 EG-GICUC
005 20260125155410.0
008 260125s1974 fr ||||fr|||| 000 0 fre d
020 _a2130425119
040 _aEG-GiCUC
_bfre
_cEG-GiCUC
_dEG-GiCUC
_erda
082 0 4 _221
_a338
_bRA
092 0 4 _221
099 _aLaw1 13 338 RA 1974
111 _aRapport De La Vingt-cinquième Table Rondec D'économie Des Transports
_n(5:
_d1974:
_cParis)
245 0 0 _aRapport De La Vingt-cinquième Table Rondec D'économie Des Transports :
_bImpact Des Investissements Infrastructurels Sur Le Développement Industriel /
_c
264 1 _aParis :
_bCentre De Recherches Économiques,
_c1974.
300 _a69pages :
_billustrations,
_c24 cm
336 _2rda content
_atext
337 _2rda media
_aComputer
338 _2rda carrier
_aOnline Resource
504 _a
546 _aTexte en français
650 1 4 _aFinances publiques et législation fiscale
_2
651 1 _2
856 4 0 _uhttps://fll.law.cu.edu.eg/fulltext/bks/B13-06952.pdf
905 _a50
942 _2ddc
_cBK
_e21
_n0
999 _c59294
_d59294